Score 0/22 Timer 07:00
7 Plays Today
% Correct
Eiffel Tower
98.8%
Elizabeth Tower
96.8%
Taj Mahal
96.4%
Golden Gate Bridge
94.4%
Colosseum
87.8%
Leaning Tower of Pisa
76.4%
London Eye
76.4%
Sydney Opera House
72.4%
United States Capitol
68.4%
Space Needle
67.7%
Notre-Dame de Paris
65.1%
% Correct
Brandenburg Gate
64.1%
Gateway Arch
55.5%
Sagrada Família
52.7%
CN Tower
51.1%
Saint Basil's Cathedral
49.5%
Angkor Wat
48.2%
Petronas Twin Towers
46.9%
Flatiron Building
40.9%
Piccadilly Circus
23.5%
Manneken Pis
18.8%
Tikal Temple
9.7%
Remove Ads.
Support Sporcle.
Get the best of Sporcle when you Go Orange. This ad-free experience offers more features, more stats, and more fun while also helping to support Sporcle. Thank you for becoming a member.

You're not logged in!

Compare scores with friends on all Sporcle quizzes.
OR
Log In

Show Comments

Extras

Top Quizzes Today


Score Distribution

Your Account Isn't Verified!

In order to create a playlist on Sporcle, you need to verify the email address you used during registration. Go to your Sporcle Settings to finish the process.

Report this User

Report this user for behavior that violates our Community Guidelines.

Details: